| 000 | 00730nam a22002417a 4500 | ||
|---|---|---|---|
| 003 | UA-OsUOA | ||
| 001 | 45391 | ||
| 007 | ta | ||
| 008 | 20111011b un ||||| |||| 00| 0 ukr d | ||
| 100 | _aДоманицький В. | ||
| 090 |
_a09.-81'374 _bД66 |
||
| 942 | _cBK | ||
| 040 |
_aUA-OsUOA _bukr _cUA-OsUOA _dUA-OsUOA |
||
| 245 | _aСловарик. Пояснення чужих та не дуже зрозумілих слів | ||
| 300 | _a128 с. | ||
| 955 | _a1 | ||
| 041 | _aukr | ||
| 080 | _a09.-81'374 | ||
| 260 | _aВінніпег | ||
| 650 | 7 |
_a0 Загальний відділ. _2UDC |
|
| 999 |
_c425496 _d425496 |
||